000 00657cai a22001815a 4500
001 L144433
008 080721u xxk g 000 0 eng d
035 _a(Sirsi) u144433
041 0 _aeng
110 2 _aReal Estate Institute of New Zealand inc
_9404
245 0 0 _aREINZ
_bReal Estate Institute of New Zealand inc
_h[electronic resource]
520 _aSelection of real estate resources for New Zealand, including market trends, careers and general advice.
590 _aKA
651 4 _aNew Zealand
_y1947-
690 _aPROPERTY-PROPERTY AGENCY
856 4 0 _uhttps://www.reinz.co.nz/
_zView the website free of charge at www.reinz.co.nz...
942 _n0
999 _c120670
_d120670